[Event "20. Obert Int. Sant Marti 2018"]
[Site "Barcelona ESP"]
[Date "2018.07.20"]
[Round "8.27"]
[White "Vatsal, Singhania"]
[Black "Kumar, Gaurav"]
[Result "1/2-1/2"]
[WhiteElo "2194"]
[BlackElo "2074"]
[PlyCount "62"]
[EventDate "2018.07.13"]
[EventType "swiss"]
[EventRounds "9"]
[EventCountry "ESP"]
[SourceTitle "Ajedrez en Madrid"]
[Source "lmi"]
[SourceDate "2018.07.13"]
[SourceVersion "1"]
[SourceVersionDate "2019.06.21"]
[SourceQuality "1"]

1. e4 e5 2. Nf3 Nc6 3. Bc4 Nf6 4. d3 Be7 5. O-O O-O 6. Re1 d6 7. a4 Na5 8. Ba2
c5 9. Na3 Be6 10. c3 Nc6 11. Nc4 h6 12. Bd2 a6 13. b4 cxb4 14. cxb4 d5 15. exd5
Bxd5 16. Ncxe5 Nxb4 17. Bc4 b5 18. axb5 axb5 19. Rxa8 Qxa8 20. Bxb5 Rd8 21. Bc4
Bxc4 22. dxc4 Ne4 23. Qe2 Nxd2 24. Nxd2 Bf6 25. Ndf3 Qa5 26. h3 Re8 27. Qd2
Bxe5 28. Nxe5 Nc6 29. Qxa5 Nxa5 30. c5 f6 31. Ra1 Nb3 1/2-1/2

[Event "20. Obert Int. Sant Marti 2018"]
[Site "Barcelona ESP"]
[Date "2018.07.20"]
[Round "8.28"]
[White "Khudov, Oleksandr"]
[Black "Rojas Fernandez, Andres"]
[Result "0-1"]
[WhiteElo "2093"]
[BlackElo "1933"]
[PlyCount "142"]
[EventDate "2018.07.13"]
[EventType "swiss"]
[EventRounds "9"]
[EventCountry "ESP"]
[SourceTitle "Ajedrez en Madrid"]
[Source "lmi"]
[SourceDate "2018.07.13"]
[SourceVersion "1"]
[SourceVersionDate "2019.06.21"]
[SourceQuality "1"]

1. d4 g6 2. Bf4 Bg7 3. e3 d6 4. Nf3 Nd7 5. h3 e5 6. dxe5 dxe5 7. Bh2 Ne7 8. c3
O-O 9. Be2 Nc6 10. Bb5 Qe7 11. O-O Qc5 12. Be2 a5 13. Nbd2 Nb6 14. Qc2 Bf5 15.
e4 Be6 16. Nb3 Qe7 17. a4 Nc4 18. Rad1 Rfd8 19. Nc1 f6 20. Rfe1 Bf8 21. Nb3 Qf7
22. Nbd2 Nd6 23. Bb5 Nxb5 24. axb5 Na7 25. c4 Bb4 26. Rc1 Rd7 27. Red1 Rad8 28.
b3 Rd3 29. Nf1 Qd7 30. Ne3 Rxd1+ 31. Rxd1 Qe7 32. Nd5 Bxd5 33. exd5 Nc8 34. Qe2
Re8 35. Ne1 Nb6 36. Nd3 Bd6 37. Qe3 Nd7 38. Kh1 Nc5 39. Nxc5 Bxc5 40. Qe2 Bd6
41. Qe3 Kg7 42. f3 Ra8 43. Ra1 b6 44. Bg1 Bc5 45. Qe4 Rd8 46. Bh2 Bd4 47. Re1
Re8 48. f4 Kf7 49. fxe5 Bxe5 50. Qh4 Kg7 51. Bxe5 fxe5 52. Qxe7+ Rxe7 53. Kg1
e4 54. Kf2 Kf6 55. Ke3 Ke5 56. Rf1 Kd6 57. Rf6+ Kc5 58. Rc6+ Kb4 59. d6 cxd6
60. Rxb6 Kxb3 61. Rc6 a4 62. b6 Rb7 63. Rxd6 Kxc4 64. Kxe4 Kb5 65. Rd5+ Kxb6
66. Kd4 Rc7 67. Rd6+ Kb5 68. Rd5+ Kb4 69. Rd8 Rb7 70. Kd3 Kb3 71. Kd2 Kb2 0-1

[Event "20. Obert Int. Sant Marti 2018"]
[Site "Barcelona ESP"]
[Date "2018.07.20"]
[Round "8.29"]
[White "Gomez Barrera, Javiera Belen"]
[Black "Saptorshi, Gupta"]
[Result "0-1"]
[WhiteElo "2063"]
[BlackElo "2091"]
[PlyCount "68"]
[EventDate "2018.07.13"]
[EventType "swiss"]
[EventRounds "9"]
[EventCountry "ESP"]
[SourceTitle "Ajedrez en Madrid"]
[Source "lmi"]
[SourceDate "2018.07.13"]
[SourceVersion "1"]
[SourceVersionDate "2019.06.21"]
[SourceQuality "1"]

1. e4 c5 2. Nf3 d6 3. d4 cxd4 4. Nxd4 Nf6 5. Nc3 a6 6. Bg5 e6 7. f4 Nbd7 8. Qf3
Qc7 9. O-O-O Be7 10. g4 b5 11. Bxf6 Nxf6 12. g5 Nd7 13. f5 Nc5 14. f6 gxf6 15.
gxf6 Bf8 16. Rg1 b4 17. Nd5 exd5 18. exd5 Nd7 19. Nc6 Bb7 20. Bh3 Ne5 21. Rge1
Rb8 22. Nxb8 Qxb8 23. Qf5 Qc7 24. Rd4 Rg8 25. Rc4 Bh6+ 26. Kb1 Rg1 27. Rxg1
Qxc4 28. Qxh7 Bf8 29. Rg8 Ng6 30. Bd7+ Kd8 31. Bh3 Qxd5 32. Kc1 Qg5+ 33. Kd1
Bf3+ 34. Ke1 Qg1+ 0-1

[Event "20. Obert Int. Sant Marti 2018"]
[Site "Barcelona ESP"]
[Date "2018.07.20"]
[Round "8.30"]
[White "Minko, Dmitry"]
[Black "Anadkat, Kartavya"]
[Result "1/2-1/2"]
[WhiteElo "2085"]
[BlackElo "1910"]
[PlyCount "116"]
[EventDate "2018.07.13"]
[EventType "swiss"]
[EventRounds "9"]
[EventCountry "ESP"]
[SourceTitle "Ajedrez en Madrid"]
[Source "lmi"]
[SourceDate "2018.07.13"]
[SourceVersion "1"]
[SourceVersionDate "2019.06.21"]
[SourceQuality "1"]

1. e4 e5 2. Nf3 Nc6 3. d4 exd4 4. Nxd4 Bc5 5. Be3 Qf6 6. c3 Nge7 7. g3 d5 8.
Bg2 dxe4 9. Nb5 Bd6 10. Nd2 Bf5 11. Nxe4 Bxe4 12. Nxd6+ cxd6 13. Bxe4 d5 14.
Bg2 O-O 15. O-O Rfd8 16. Qb3 Rd7 17. Rad1 Rad8 18. Bd4 Nxd4 19. Rxd4 g6 20.
Rfd1 Qe5 21. Qb5 Rd6 22. Qd3 Rb6 23. Qd2 Rd7 24. b3 Kg7 25. c4 Rbd6 26. cxd5
Nf5 27. Rc4 Re7 28. Re4 Qf6 29. Rxe7 Qxe7 30. Qc3+ Qf6 31. Qxf6+ Kxf6 32. Kf1
Rd8 33. Rc1 Nd6 34. Ke2 Rc8 35. Rxc8 Nxc8 36. Kd3 Nd6 37. Be4 b6 38. a4 Ke7 39.
Kd4 Kd7 40. Bd3 Ke7 41. h4 f6 42. h5 Kf7 43. hxg6+ hxg6 44. g4 g5 45. Ke3 Kg7
46. f4 gxf4+ 47. Kxf4 Kf7 48. Bf5 Ke7 49. Be6 Kf8 50. Kf3 Kg7 51. Kg3 Kf8 52.
Kh4 Ke7 53. Kh5 Kf8 54. Kg6 Ke7 55. g5 fxg5 56. Kxg5 Nb7 57. Kf5 Kd6 58. b4 a5
1/2-1/2

[Event "20. Obert Int. Sant Marti 2018"]
[Site "Barcelona ESP"]
[Date "2018.07.20"]
[Round "8.31"]
[White "Anustoop, Biswas"]
[Black "Jaeel, Atharva"]
[Result "1/2-1/2"]
[WhiteElo "2052"]
[BlackElo "2083"]
[PlyCount "102"]
[EventDate "2018.07.13"]
[EventType "swiss"]
[EventRounds "9"]
[EventCountry "ESP"]
[SourceTitle "Ajedrez en Madrid"]
[Source "lmi"]
[SourceDate "2018.07.13"]
[SourceVersion "1"]
[SourceVersionDate "2019.06.21"]
[SourceQuality "1"]

1. e4 c6 2. d4 d5 3. exd5 cxd5 4. Bd3 Nc6 5. c3 Nf6 6. Bf4 Bg4 7. Qb3 Qc8 8.
Nd2 e6 9. Ngf3 Be7 10. O-O O-O 11. Ne5 Bh5 12. Qc2 a6 13. Ndf3 Bxf3 14. Nxf3 b5
15. a3 Qb7 16. Qe2 Rfc8 17. Rfe1 Na5 18. Ng5 Rc6 19. Nf3 Nc4 20. Ne5 Rcc8 21.
a4 Nd6 22. Ng4 Nxg4 23. Qxg4 bxa4 24. Re3 Ne8 25. Rh3 g6 26. Be5 f5 27. Qe2 a3
28. bxa3 Rc6 29. c4 dxc4 30. Bxc4 Rac8 31. Rc3 Nc7 32. Bxc7 R8xc7 33. Bxe6+ Kg7
34. Rxc6 Qxc6 35. g3 Bf6 36. Rd1 Qd6 37. d5 Rb7 38. a4 Rb2 39. Qc4 Qb6 40. Rf1
Bd4 41. Kg2 Bxf2 42. Kh3 g5 43. Bxf5 h5 44. Qc3+ Bd4 45. Qc8 Kh6 46. Re1 g4+
47. Bxg4 hxg4+ 48. Qxg4 Bf6 49. Re6 Rxh2+ 50. Kxh2 Qf2+ 51. Kh1 Qf1+ 1/2-1/2

[Event "20. Obert Int. Sant Marti 2018"]
[Site "Barcelona ESP"]
[Date "2018.07.20"]
[Round "8.32"]
[White "Lacasta Palacio, Joaquim"]
[Black "Bhuta, Hriday"]
[Result "1/2-1/2"]
[WhiteElo "2105"]
[BlackElo "1650"]
[PlyCount "88"]
[EventDate "2018.07.13"]
[EventType "swiss"]
[EventRounds "9"]
[EventCountry "ESP"]
[SourceTitle "Ajedrez en Madrid"]
[Source "lmi"]
[SourceDate "2018.07.13"]
[SourceVersion "1"]
[SourceVersionDate "2019.06.21"]
[SourceQuality "1"]

1. g3 Nf6 2. Bg2 e6 3. f4 d5 4. Nf3 Bd6 5. O-O O-O 6. d3 c5 7. Qe1 Nc6 8. e4
dxe4 9. dxe4 e5 10. f5 Nd4 11. Na3 b6 12. c3 Nc6 13. h3 Ba6 14. Rf2 Bd3 15. Nd2
b5 16. Kh2 a6 17. Bf3 c4 18. g4 Nd7 19. Rg2 Be7 20. Nf1 Bg5 21. Ng3 Bxc1 22.
Qxc1 Qh4 23. Qe3 h6 24. Nc2 Qg5 25. Qf2 Bxc2 26. Qxc2 Nc5 27. Be2 Rad8 28. Rd1
Rxd1 29. Qxd1 Rd8 30. Qg1 Nd3 31. Nh5 Nf4 32. Rf2 Nxh5 33. gxh5 Qxg1+ 34. Kxg1
Rd2 35. Bf1 Rxf2 36. Kxf2 Kf8 37. Ke3 Ke7 38. b3 cxb3 39. axb3 Na5 40. b4 Nc4+
41. Kd3 Kd6 42. Be2 Kc6 43. Bg4 f6 44. Be2 Nd6 1/2-1/2

[Event "20. Obert Int. Sant Marti 2018"]
[Site "Barcelona ESP"]
[Date "2018.07.20"]
[Round "8.33"]
[White "Jijo, Joy"]
[Black "Perez Pastora, Evarist"]
[Result "1-0"]
[WhiteElo "1969"]
[BlackElo "2103"]
[PlyCount "69"]
[EventDate "2018.07.13"]
[EventType "swiss"]
[EventRounds "9"]
[EventCountry "ESP"]
[SourceTitle "Ajedrez en Madrid"]
[Source "lmi"]
[SourceDate "2018.07.13"]
[SourceVersion "1"]
[SourceVersionDate "2019.06.21"]
[SourceQuality "1"]

1. e4 c5 2. Nf3 d6 3. d4 cxd4 4. Nxd4 Nf6 5. Nc3 a6 6. g3 e5 7. Nde2 Be7 8. Bg2
O-O 9. a4 Be6 10. O-O Qc8 11. Bg5 h6 12. Bxf6 Bxf6 13. Nd5 Bd8 14. Nec3 Nc6 15.
a5 Nd4 16. Rc1 Qc5 17. b4 Qc4 18. Kh1 Rc8 19. Qd3 Kh8 20. Rfe1 Bg5 21. f4 exf4
22. gxf4 Bxf4 23. Nxf4 Qxc3 24. Qxc3 Rxc3 25. e5 dxe5 26. Nxe6 fxe6 27. Bxb7
Rf2 28. Bxa6 Nf3 29. Re2 Rxe2 30. Bxe2 Nd4 31. Bd3 Nc6 32. b5 Nxa5 33. Ra1 e4
34. Bxe4 Re3 35. Bg6 1-0

[Event "20. Obert Int. Sant Marti 2018"]
[Site "Barcelona ESP"]
[Date "2018.07.20"]
[Round "8.34"]
[White "Claramunt Bassegoda, Marcel"]
[Black "Segarra Calderer, Albert"]
[Result "1-0"]
[WhiteElo "1894"]
[BlackElo "2095"]
[PlyCount "85"]
[EventDate "2018.07.13"]
[EventType "swiss"]
[EventRounds "9"]
[EventCountry "ESP"]
[SourceTitle "Ajedrez en Madrid"]
[Source "lmi"]
[SourceDate "2018.07.13"]
[SourceVersion "1"]
[SourceVersionDate "2019.06.21"]
[SourceQuality "1"]

1. d4 Nf6 2. Bf4 g6 3. Nf3 Bg7 4. e3 d6 5. Be2 O-O 6. O-O c5 7. h3 Nc6 8. c3
Qb6 9. Nbd2 cxd4 10. Nc4 Qd8 11. exd4 Nd5 12. Bg3 b5 13. Ncd2 Rb8 14. a3 Nc7
15. Re1 Kh8 16. Bf1 a5 17. Qc2 f5 18. Rad1 e6 19. a4 b4 20. Nc4 Ne8 21. d5 exd5
22. Rxd5 Ne7 23. Nxd6 Nxd5 24. Rxe8 Qb6 25. Rxf8+ Bxf8 26. Nf7+ Kg8 27. Bxb8
Qxb8 28. Bc4 Kxf7 29. Bxd5+ Kg7 30. Qd2 Be7 31. Qd4+ Bf6 32. Qc5 bxc3 33. bxc3
Qb1+ 34. Kh2 Qb8+ 35. Kg1 Qb1+ 36. Kh2 Qb8+ 37. g3 Ba6 38. c4 f4 39. g4 h6 40.
Qc6 Bc8 41. Qe8 h5 42. Qg8+ Kh6 43. g5+ 1-0

[Event "20. Obert Int. Sant Marti 2018"]
[Site "Barcelona ESP"]
[Date "2018.07.20"]
[Round "8.35"]
[White "Dahale, Atul"]
[Black "Rodriguez Vega, Blas"]
[Result "1/2-1/2"]
[WhiteElo "2040"]
[BlackElo "1992"]
[PlyCount "98"]
[EventDate "2018.07.13"]
[EventType "swiss"]
[EventRounds "9"]
[EventCountry "ESP"]
[SourceTitle "Ajedrez en Madrid"]
[Source "lmi"]
[SourceDate "2018.07.13"]
[SourceVersion "1"]
[SourceVersionDate "2019.06.21"]
[SourceQuality "1"]

1. d4 f5 2. g3 Nf6 3. Bg2 g6 4. c4 Bg7 5. Nc3 O-O 6. Nh3 d6 7. d5 a5 8. O-O Na6
9. Be3 Ne4 10. Nxe4 fxe4 11. Bd4 e5 12. dxe6 Nc5 13. Nf4 Nxe6 14. Nxe6 Bxe6 15.
Bxe4 c6 16. Bxg7 Kxg7 17. Qd4+ Qf6 18. Qxf6+ Kxf6 19. b3 a4 20. Rad1 axb3 21.
axb3 Ra3 22. Rd3 Rd8 23. Rfd1 Ra2 24. Bf3 Ke5 25. Kg2 Rb2 26. Re3+ Kf6 27. Be4
Bg4 28. f3 Be6 29. Kf2 d5 30. cxd5 cxd5 31. Red3 Ke5 32. Rd4 Rxb3 33. f4+ Kf6
34. Bxd5 Bxd5 35. Rxd5 Re8 36. Rd6+ Kf7 37. Rd7+ Re7 38. Rxe7+ Kxe7 39. h4 h5
40. Rd5 Kf6 41. e3 Rb1 42. g4 hxg4 43. h5 gxh5 44. Rxh5 b5 45. e4 Rb3 46. Rh6+
Kg7 47. Rb6 Rf3+ 48. Kg2 Rxf4 49. Rxb5 Rxe4 1/2-1/2

[Event "20. Obert Int. Sant Marti 2018"]
[Site "Barcelona ESP"]
[Date "2018.07.20"]
[Round "8.36"]
[White "Castrillo Mansego, Pablo"]
[Black "Rusconi, Benito"]
[Result "0-1"]
[WhiteElo "2020"]
[BlackElo "1981"]
[PlyCount "106"]
[EventDate "2018.07.13"]
[EventType "swiss"]
[EventRounds "9"]
[EventCountry "ESP"]
[SourceTitle "Ajedrez en Madrid"]
[Source "lmi"]
[SourceDate "2018.07.13"]
[SourceVersion "1"]
[SourceVersionDate "2019.06.21"]
[SourceQuality "1"]

1. e4 c5 2. d4 cxd4 3. c3 g6 4. cxd4 d5 5. e5 Bg7 6. Bd3 Nc6 7. Ne2 Nh6 8. Nbc3
O-O 9. O-O Nf5 10. Bxf5 Bxf5 11. Ng3 Be6 12. Be3 f6 13. f4 fxe5 14. fxe5 Rxf1+
15. Qxf1 Qb6 16. Qb5 Bxe5 17. Qxb6 axb6 18. dxe5 d4 19. Nb5 dxe3 20. Nc7 Rxa2
21. Re1 Bc4 22. Rxe3 Rxb2 23. e6 b5 24. Ne4 Rb1+ 25. Kf2 Ne5 26. Kg3 Nc6 27.
Ra3 Rb3+ 28. Rxb3 Bxb3 29. Nc5 Bc4 30. Nxb7 b4 31. Nc5 Nd4 32. Kf2 Nxe6 33.
N7xe6 Bxe6 34. Ke3 Bd5 35. Kd4 e6 36. Nd3 b3 37. Kc3 Kf7 38. Nc1 Kf6 39. Nxb3
Bxb3 40. Kxb3 Kf5 41. Kc3 Ke4 42. Kd2 g5 43. Ke2 h5 44. Kd2 g4 45. Ke2 h4 46.
Kf2 Kd3 47. h3 gxh3 48. gxh3 e5 49. Kf3 e4+ 50. Kg4 e3 51. Kxh4 e2 52. Kg5 e1=Q
53. h4 Qe7+ 0-1

[Event "20. Obert Int. Sant Marti 2018"]
[Site "Barcelona ESP"]
[Date "2018.07.20"]
[Round "8.37"]
[White "Haak, Eelco"]
[Black "Magallanes, Gustavo"]
[Result "1-0"]
[WhiteElo "2015"]
[BlackElo "1952"]
[PlyCount "61"]
[EventDate "2018.07.13"]
[EventType "swiss"]
[EventRounds "9"]
[EventCountry "ESP"]
[SourceTitle "Ajedrez en Madrid"]
[Source "lmi"]
[SourceDate "2018.07.13"]
[SourceVersion "1"]
[SourceVersionDate "2019.06.21"]
[SourceQuality "1"]

1. c4 Nf6 2. Nc3 c5 3. g3 g6 4. Bg2 Bg7 5. d3 Nc6 6. e4 d6 7. Nge2 O-O 8. O-O
Ne8 9. Be3 Nd4 10. Qd2 Rb8 11. Bh6 Bh3 12. Bxg7 Nxg7 13. f4 Bxg2 14. Kxg2 Nxe2
15. Qxe2 e6 16. Rad1 a6 17. d4 Qc7 18. d5 Rbd8 19. Rd3 e5 20. fxe5 dxe5 21. d6
Rxd6 22. Nd5 Qd8 23. Qe3 Ne6 24. Nf6+ Kg7 25. Rd5 Nd4 26. Qg5 Rxd5 27. cxd5 Qc7
28. d6 Qxd6 29. Nh5+ Kh8 30. Qh6 Rg8 31. Rxf7 1-0

[Event "20. Obert Int. Sant Marti 2018"]
[Site "Barcelona ESP"]
[Date "2018.07.20"]
[Round "8.38"]
[White "Miralles Brugues, Jordi"]
[Black "Varela Cuadrado, Cesar"]
[Result "1-0"]
[WhiteElo "2011"]
[BlackElo "1856"]
[PlyCount "83"]
[EventDate "2018.07.13"]
[EventType "swiss"]
[EventRounds "9"]
[EventCountry "ESP"]
[SourceTitle "Ajedrez en Madrid"]
[Source "lmi"]
[SourceDate "2018.07.13"]
[SourceVersion "1"]
[SourceVersionDate "2019.06.21"]
[SourceQuality "1"]

1. d4 Nf6 2. Bf4 g6 3. e3 Bg7 4. Nf3 d6 5. Be2 Nh5 6. Bg5 h6 7. Bh4 g5 8. Nfd2
gxh4 9. Bxh5 e5 10. c3 O-O 11. Qb3 Qg5 12. Bf3 c6 13. Nc4 exd4 14. cxd4 Qe7 15.
Nc3 d5 16. Qa3 Qd8 17. Nd6 Be6 18. Nxb7 Qc8 19. Nc5 Bf5 20. Ne2 Nd7 21. Nxd7
Qxd7 22. Rc1 Rfe8 23. Qa4 Rec8 24. Nf4 Bf8 25. O-O Rab8 26. b3 Rb4 27. Qa6 Rb6
28. Qe2 a5 29. h3 a4 30. bxa4 Ba3 31. Rc3 Rb2 32. Qd1 Bb4 33. Rb3 Rd2 34. Qc1
Rc2 35. Qa1 Bc3 36. Rxc3 Rxc3 37. Qxc3 Rb8 38. Rc1 Rb1 39. Rxb1 Bxb1 40. Qb2
Bf5 41. Qb8+ Kh7 42. Qe5 1-0

[Event "20. Obert Int. Sant Marti 2018"]
[Site "Barcelona ESP"]
[Date "2018.07.20"]
[Round "8.39"]
[White "Ghelani, Dhairya"]
[Black "Marchador Villalba, Jordi"]
[Result "1-0"]
[WhiteElo "1778"]
[BlackElo "2009"]
[PlyCount "52"]
[EventDate "2018.07.13"]
[EventType "swiss"]
[EventRounds "9"]
[EventCountry "ESP"]
[SourceTitle "Ajedrez en Madrid"]
[Source "lmi"]
[SourceDate "2018.07.13"]
[SourceVersion "1"]
[SourceVersionDate "2019.06.21"]
[SourceQuality "1"]

1. d4 Nf6 2. c4 e6 3. Nc3 c5 4. d5 exd5 5. cxd5 d6 6. Nf3 g6 7. Nd2 Bg7 8. e4
O-O 9. Be2 Re8 10. O-O b6 11. f3 Ba6 12. Bxa6 Nxa6 13. Nc4 Nc7 14. Bf4 Bf8 15.
a4 Nh5 16. Be3 Rb8 17. g4 Nf6 18. Qd2 a6 19. Bg5 b5 20. axb5 h6 21. Bxf6 Qxf6
22. bxa6 Rb4 23. e5 Qd8 24. Nxd6 Rxe5 25. Nb7 Qd7 26. Ne4 Nxa6 1-0

[Event "20. Obert Int. Sant Marti 2018"]
[Site "Barcelona ESP"]
[Date "2018.07.20"]
[Round "8.40"]
[White "Moreno Garcia, Elizabeth Paola"]
[Black "Coste, Roman"]
[Result "0-1"]
[WhiteElo "2029"]
[BlackElo "1948"]
[PlyCount "47"]
[EventDate "2018.07.13"]
[EventType "swiss"]
[EventRounds "9"]
[EventCountry "ESP"]
[SourceTitle "Ajedrez en Madrid"]
[Source "lmi"]
[SourceDate "2018.07.13"]
[SourceVersion "1"]
[SourceVersionDate "2019.06.21"]
[SourceQuality "1"]

1. e4 c5 2. c3 Nf6 3. e5 Nd5 4. Nf3 d6 5. d4 cxd4 6. Bc4 Nb6 7. Bb3 dxe5 8.
Nxe5 e6 9. cxd4 Nc6 10. Nxc6 bxc6 11. O-O Ba6 12. Re1 Bd6 13. Qg4 O-O 14. Nc3
Nd5 15. Bg5 Qc7 16. Nxd5 exd5 17. Bf6 g6 18. Re5 Rfe8 19. Rae1 Bxe5 20. dxe5
Qa5 21. Rd1 Re6 22. Qg5 Rae8 23. h3 Qb4 24. Rd4 0-1

[Event "20. Obert Int. Sant Marti 2018"]
[Site "Barcelona ESP"]
[Date "2018.07.20"]
[Round "8.41"]
[White "Ji, Pablo"]
[Black "Rueda Marquez, David J."]
[Result "0-1"]
[WhiteElo "1774"]
[BlackElo "2110"]
[PlyCount "54"]
[EventDate "2018.07.13"]
[EventType "swiss"]
[EventRounds "9"]
[EventCountry "ESP"]
[SourceTitle "Ajedrez en Madrid"]
[Source "lmi"]
[SourceDate "2018.07.13"]
[SourceVersion "1"]
[SourceVersionDate "2019.06.21"]
[SourceQuality "1"]

1. e4 e6 2. d4 d5 3. Nc3 Nf6 4. e5 Nfd7 5. Nf3 c5 6. Be3 Nc6 7. g3 a6 8. Bg2
Qc7 9. O-O cxd4 10. Bxd4 Nxd4 11. Qxd4 Bc5 12. Qd2 O-O 13. Rfe1 b5 14. a3 Bb7
15. Rad1 Rac8 16. Na2 f6 17. exf6 Rxf6 18. Nc1 e5 19. Re2 Rcf8 20. Rf1 Rxf3 21.
Bxf3 Rxf3 22. c3 d4 23. cxd4 Bxd4 24. Qc2 Nc5 25. Rd1 Qc6 26. Rxd4 exd4 27. Rd2
Rc3 0-1

[Event "20. Obert Int. Sant Marti 2018"]
[Site "Barcelona ESP"]
[Date "2018.07.20"]
[Round "8.42"]
[White "Chang, Suzana"]
[Black "Riu Lopez, Daniel"]
[Result "1/2-1/2"]
[WhiteElo "2005"]
[BlackElo "1920"]
[PlyCount "62"]
[EventDate "2018.07.13"]
[EventType "swiss"]
[EventRounds "9"]
[EventCountry "ESP"]
[SourceTitle "Ajedrez en Madrid"]
[Source "lmi"]
[SourceDate "2018.07.13"]
[SourceVersion "1"]
[SourceVersionDate "2019.06.21"]
[SourceQuality "1"]

1. d4 e6 2. e4 d5 3. Nc3 Bb4 4. exd5 exd5 5. a3 Bxc3+ 6. bxc3 Nf6 7. Bd3 O-O 8.
Ne2 Re8 9. O-O Nbd7 10. c4 c6 11. cxd5 cxd5 12. Bg5 h6 13. Bh4 Nb6 14. a4 Be6
15. Nf4 Qc7 16. Bg3 Qc8 17. Re1 Bd7 18. Rxe8+ Bxe8 19. a5 Nc4 20. Qf3 Qc6 21.
Nh5 Nxh5 22. Qxh5 Bd7 23. f4 Re8 24. f5 Qf6 25. c3 Qg5 26. Qxg5 hxg5 27. a6 b6
28. Bf2 Nd6 29. g4 Rc8 30. Be1 Nb5 31. Bxb5 Bxb5 1/2-1/2

[Event "20. Obert Int. Sant Marti 2018"]
[Site "Barcelona ESP"]
[Date "2018.07.20"]
[Round "8.43"]
[White "Salvany Rius, Joaquim"]
[Black "Oualili, Abdelali"]
[Result "1-0"]
[WhiteElo "1952"]
[BlackElo "1887"]
[PlyCount "87"]
[EventDate "2018.07.13"]
[EventType "swiss"]
[EventRounds "9"]
[EventCountry "ESP"]
[SourceTitle "Ajedrez en Madrid"]
[Source "lmi"]
[SourceDate "2018.07.13"]
[SourceVersion "1"]
[SourceVersionDate "2019.06.21"]
[SourceQuality "1"]

1. e4 c5 2. Nf3 d6 3. d4 cxd4 4. Nxd4 Nf6 5. Nc3 e6 6. Be3 a6 7. Qd2 Qc7 8. f3
Be7 9. O-O-O b5 10. g4 Bb7 11. g5 Nfd7 12. a3 Nb6 13. Ndxb5 axb5 14. Nxb5 Qc6
15. Qd4 N8d7 16. Qxg7 Rf8 17. Nd4 Qc5 18. Nf5 Qe5 19. Qxe5 dxe5 20. Ng7+ Kd8
21. Bxb6+ Kc8 22. Be3 Rg8 23. Bb5 Nb8 24. Nh5 Nc6 25. Nf6 Rh8 26. Nd7 Ra5 27.
Nb6+ Kb8 28. a4 Nd4 29. Rxd4 exd4 30. Bxd4 Bxg5+ 31. Kb1 Rd8 32. Be5+ Ka7 33.
Nc4 Ra6 34. Bxa6 Bxa6 35. Nd6 f6 36. Nf7 Rf8 37. Nxg5 fxg5 38. h4 Rxf3 39. hxg5
Rf1+ 40. Rxf1 Bxf1 41. Bd6 Kb7 42. b3 Kc6 43. e5 Bg2 44. c4 1-0

[Event "20. Obert Int. Sant Marti 2018"]
[Site "Barcelona ESP"]
[Date "2018.07.20"]
[Round "8.44"]
[White "Riu Lopez, Sergi"]
[Black "Pena Mor, David"]
[Result "0-1"]
[WhiteElo "1932"]
[BlackElo "1858"]
[PlyCount "110"]
[EventDate "2018.07.13"]
[EventType "swiss"]
[EventRounds "9"]
[EventCountry "ESP"]
[SourceTitle "Ajedrez en Madrid"]
[Source "lmi"]
[SourceDate "2018.07.13"]
[SourceVersion "1"]
[SourceVersionDate "2019.06.21"]
[SourceQuality "1"]

1. e4 e5 2. Nf3 Nc6 3. Bb5 a6 4. Ba4 Nf6 5. O-O Be7 6. Re1 d6 7. c3 b5 8. Bb3
O-O 9. h3 Na5 10. Bc2 c5 11. d4 Qc7 12. Nbd2 Re8 13. Nf1 h6 14. Ng3 Bf8 15. d5
c4 16. Be3 g6 17. Nh2 Nb7 18. f4 exf4 19. Bxf4 Nc5 20. Nf3 Bb7 21. Qd4 Nfd7 22.
a4 Bg7 23. Qd2 Kh7 24. axb5 axb5 25. Kh1 Nb6 26. Nd4 Qd7 27. Qf2 Rxa1 28. Rxa1
Nba4 29. Bxa4 Nd3 30. Qd2 bxa4 31. Rf1 Ra8 32. Nge2 Qe7 33. Ng3 h5 34. Nb5 Be5
35. Bxe5 Nxe5 36. Qf4 Kg7 37. Ne2 Nd3 38. Qxd6 Qxe4 39. Qf6+ Kh6 40. Qf3 Qxf3
41. Rxf3 Bxd5 42. Rf6 Kg5 43. Rb6 Re8 44. Nbd4 Ne1 45. Rb5 Re5 46. Kg1 Kf6 47.
Nf4 Ba8 48. Rb4 Nd3 49. Rb6+ Kg5 50. Nf3+ Bxf3 51. Nxd3 cxd3 52. gxf3 Re1+ 53.
Kf2 d2 54. Rb5+ Kf6 55. Rb6+ Kg7 0-1

[Event "20. Obert Int. Sant Marti 2018"]
[Site "Barcelona ESP"]
[Date "2018.07.20"]
[Round "8.45"]
[White "Sanchez Lopez, Juan Manuel"]
[Black "Lorenzo Martinez, Ruben"]
[Result "1-0"]
[WhiteElo "2127"]
[BlackElo "1846"]
[PlyCount "83"]
[EventDate "2018.07.13"]
[EventType "swiss"]
[EventRounds "9"]
[EventCountry "ESP"]
[SourceTitle "Ajedrez en Madrid"]
[Source "lmi"]
[SourceDate "2018.07.13"]
[SourceVersion "1"]
[SourceVersionDate "2019.06.21"]
[SourceQuality "1"]

1. c4 c5 2. Nc3 Nc6 3. g3 g6 4. Bg2 Bg7 5. d3 b6 6. e4 Bb7 7. f4 e6 8. Be3 Nge7
9. Nge2 d6 10. O-O O-O 11. d4 Na5 12. b3 f5 13. Rc1 fxe4 14. Nxe4 d5 15. Ng5
Nf5 16. Bf2 Qf6 17. dxc5 dxc4 18. b4 Bxg2 19. Kxg2 Rfd8 20. Qc2 Qb2 21. bxa5
Rd2 22. Qxc4 Rxe2 23. Kf3 Rxf2+ 24. Rxf2 Qa3+ 25. Ke2 Re8 26. Rd1 Qe3+ 27. Kf1
Bd4 28. Rxd4 Nxd4 29. cxb6 axb6 30. Qc7 Qd3+ 31. Kg2 Qf5 32. Qxh7+ Kf8 33. Qh8+
Ke7 34. Qg7+ Kd6 35. Qxd4+ Qd5+ 36. Qxd5+ exd5 37. axb6 Rb8 38. Rb2 Kc5 39. b7
Kc4 40. a4 d4 41. a5 d3 42. a6 1-0

[Event "20. Obert Int. Sant Marti 2018"]
[Site "Barcelona ESP"]
[Date "2018.07.20"]
[Round "8.46"]
[White "Borrellas Comellas, Josep"]
[Black "Cabot Muntane, Jordi"]
[Result "0-1"]
[WhiteElo "2080"]
[BlackElo "1933"]
[PlyCount "108"]
[EventDate "2018.07.13"]
[EventType "swiss"]
[EventRounds "9"]
[EventCountry "ESP"]
[SourceTitle "Ajedrez en Madrid"]
[Source "lmi"]
[SourceDate "2018.07.13"]
[SourceVersion "1"]
[SourceVersionDate "2019.06.21"]
[SourceQuality "1"]

1. e4 c6 2. d4 d5 3. e5 c5 4. c3 Nc6 5. Be3 cxd4 6. cxd4 Bf5 7. Bd3 Bxd3 8.
Qxd3 Qb6 9. b3 e6 10. a3 Nge7 11. Ne2 Nf5 12. O-O Be7 13. b4 O-O 14. Nbc3 g6
15. Na4 Qd8 16. Bd2 b6 17. b5 Na5 18. Bxa5 bxa5 19. Rfc1 Rc8 20. Rxc8 Qxc8 21.
Rc1 Qa8 22. Nc5 Rc8 23. a4 Rc7 24. Nb3 Qc8 25. Rxc7 Qxc7 26. Qc3 Bd8 27. Qc5
Qb8 28. Qc6 Bb6 29. g3 Ne7 30. Qd7 Qd8 31. Qxd8+ Bxd8 32. g4 g5 33. Nec1 Ng6
34. Nd3 Bb6 35. Kg2 Nh4+ 36. Kg3 Kg7 37. f4 h6 38. Ndc5 Ng6 39. f5 exf5 40.
gxf5 Nf4 41. Kf3 f6 42. e6 Kf8 43. Nb7 Nh5 44. N7xa5 Ng7 45. Nc6 Nxf5 46. a5
Bc7 47. h3 Nh4+ 48. Kf2 h5 49. Nxa7 g4 50. hxg4 hxg4 51. b6 g3+ 52. Kg1 Bf4 53.
e7+ Kxe7 54. Nc6+ Kf7 0-1